| 000 | 00419nam a2200157Ia 4500 | ||
|---|---|---|---|
| 008 | 220204s9999 xx 000 0 und d | ||
| 082 |
_a581.5 _bSOL |
||
| 100 | _aSOLOMON, Maurice E | ||
| 245 | 0 | _aPopulation dynamics | |
| 250 | _aEd.2 | ||
| 260 |
_aLondon _bEdward Arnold _c1969 |
||
| 490 | _aThe institute of biology's studies in biology; no. 18 | ||
| 650 | _aEcology | ||
| 650 | _aPopulation ecology | ||
| 942 | _cBK | ||
| 999 |
_c27074 _d27074 |
||